Eniten Japanissa vierailevat valtiot - Statistics

Yleistilastot
  • Tätä visaa on pelattu 496 kertaa
  • Keskiarvotulos 14 / 17
Vastaustilastot
Vierailijoita Valtio % Oikein
2 045 919 Yhdysvallat
99%
4 539 434 Kiina
98%
6 958 491 Etelä-Korea
94%
277 422 Ranska
92%
233 371 Saksa
90%
613 120 Australia
88%
425 874 Kanada
88%
166 326 Intia
86%
321 496 Yhdistynyt kuningaskunta
83%
429 351 Indonesia
80%
995 528 Thaimaa
79%
152 366 Italia
75%
573 876 Vietnam
73%
622 268 Filippiinit
71%
4 202 436 Taiwan
68%
415 720 Malesia
53%
591 320 Singapore
44%
Ehtoja vastaavia visoja ei löytynyt
Tulosjakauma
Jokaisen tuloksen saaneiden osuus
Persentiili vastausten määrän mukaan
Tuloshistoriasi
Et ole pelannut tätä visaa